000 00690nam a2200241Ia 4500
003 OSt
005 20221005085321.0
006 a|||||r|||| 00| 0
007 ta
008 221004b |||||||| |||| 00| 0 eng d
024 _a18563
037 _bGift, 03/06/2015,
_cTextual
040 _aCRL
_cCRL
_beng
041 _2eng
_aeng
082 _aO111:g(Q:4192), J5
100 _aWeston Jessie L.
245 0 _aFrom ritual to romance
260 _aNew York
_bDoubleday & Company U.S.A
_c1955
300 _axvii, 217p.
_ccm.
650 _aENGLISH LITERATURE
942 _hO111:g(Q:4192), J5
_cTEXL
_2cc
999 _c994025
_d994025